| 000 | 00463nam a2200181Ia 4500 | ||
|---|---|---|---|
| 001 | 23264 | ||
| 005 | 20260414150925.0 | ||
| 008 | 260414t2012||||xx |||||||||||||| ||spa|| | ||
| 041 | _aESP | ||
| 082 |
_a628 _bM544 |
||
| 100 |
_aMihelcic, James R. _eAUT |
||
| 245 | 0 |
_aIngeniería ambiental : _bfundamentos, sustentabilidad, diseño |
|
| 260 | _c2012 | ||
| 300 |
_axxii, 696 páginas : _c25 cm. |
||
| 650 | _aCNM | ||
| 654 | _aCCN | ||
| 942 |
_cLIB _dJUS _fJUS _2ddc _n |
||
| 999 |
_c23264 _d23264 |
||